| 000 | 00703cam a2200253 4500 | ||
|---|---|---|---|
| 001 | M79 | ||
| 008 | 090401t1992 xxu||||| |||| 00| 0 eng d | ||
| 035 | _a(Sirsi) u39668 | ||
| 041 | _aeng | ||
| 050 | _a622.1076 | ||
| 090 | _aRICS 1992/35ABC | ||
| 110 |
_aRoyal Institution of Chartered Surveyors _94900 |
||
| 245 | _aProfessional examinations rules and syllabus: minerals surveying (1988) | ||
| 260 |
_aLondon _bRICS _c1992 |
||
| 300 | _a8p. ; 30cm. | ||
| 350 | _a0 | ||
| 650 | _aEXAMINATIONS | ||
| 650 | _aMINERALS SURVEYING | ||
| 650 | _aSYLLABUS | ||
| 690 | _aMINING AND MINERALS | ||
| 690 | _aMANAGEMENT-BUSINESS MANAGEMENT-PROFESSIONAL PRACTICE | ||
| 942 | _n0 | ||
| 948 | _c04/03/1997 | ||
| 999 |
_c90829 _d90829 |
||